000 00633nam a2200181Ia 4500
008 100921s9999 xx 000 0 und d
082 _b21099
_a891.463 थ 88
100 _aकाशीकर एस.एम्र.
245 _aबहुरूपी.
260 _bमनमोहिनी प्रकाशन,पुणे.
_c1988
300 _a152
_bभावे पुस्तक भांडार,पुणे
365 _b40
520 _aललित-कादंबरी.
630 _aबहुरूपी.
650 _aललित-कादंबरी.
730 _aबहुरूपी.
942 _cBOOK
999 _c770212
_d770209